Crisis response planning (Record no. 7306)

000 -LEADER
fixed length control field 00381pab a2200145 454500
008 - FIXED-LENGTH DATA ELEMENTS--GENERAL INFORMATION
fixed length control field 180718b1984 xxu||||| |||| 00| 0 eng d
100 ## - MAIN ENTRY--PERSONAL NAME
Personal name Kartez, Jack D.
245 ## - TITLE STATEMENT
Title Crisis response planning
Remainder of title Toward a contingent analysis
260 ## - PUBLICATION, DISTRIBUTION, ETC.
Date of publication, distribution, etc. 1984
300 ## - PHYSICAL DESCRIPTION
Extent 9-21
362 ## - DATES OF PUBLICATION AND/OR SEQUENTIAL DESIGNATION
Dates of publication and/or sequential designation Winter
650 ## - SUBJECT ADDED ENTRY--TOPICAL TERM
Topical term or geographic name entry element Disasters
773 ## - HOST ITEM ENTRY
Main entry heading Journal of the American Planning Association
909 ## -
-- 7306
Holdings
Withdrawn status Lost status Damaged status Not for loan Permanent Location Current Location Date acquired Serial Enumeration / chronology Barcode Date last seen Price effective from Koha item type
        Indian Institute of Public Administration Indian Institute of Public Administration 2018-07-19 Volume no: 50, Issue no: 1 AR7316 2018-07-19 2018-07-19 Articles

Powered by Koha